Datum a čas kvízu
29.5
Celkem bodů
Celkový počet nahraných bodů na tomto kvízu bez doplňovacích otázek.
4.
Pořadí na kvízu
Konečné umístění týmu na tomto kvízu.
Zaznamenané odpovědi
| # | Otázka | Odpověď | Body | Výsledky |
|---|---|---|---|---|
| 1. | Legendární vlak Orient Express... | 0 | ||
| 2. | Někteří světoví státníci letos... | 1 | ||
| 3. | Slovenským potápěčům se podaři... | 1 | ||
| 4. | O tom, že se podnikatel a vizi... | 1 | ||
| 5. | Minulý týden bylo oznámeno, že... | 1 | ||
| 6. | Od 4. do 11. února 1945 se na... | 0 | ||
| 7. | Hlavním a největším městem Ukr... | 0 | ||
| 8. | Který z těchto mužů v současné... | 0 | ||
| 9. | Mezi nejtypičtější ukrajinské... | 0 | ||
| 10. | Ukrajina drží jeden zajímavý s... | 0 |